Guía Nalco para el análisis de fallas en calderas

Salvato in:
Dettagli Bibliografici
Autori principali: Port, Robert D (Autore), Herro, Harvey M (Autore)
Natura: Libro
Lingua:spagnolo
Pubblicazione: Ciudad de México McGraw Hill 1997
Soggetti:
Tags: Aggiungi Tag
Nessun Tag, puoi essere il primo ad aggiungerne!!

MARC

LEADER 00000nam a2200000 a 4500
001 UCR3027
003 CL-VaPUC
008 980123e19970000MX |||||||||||||||||spa|d
082 0 4 |a 621.1  |b POR  |2 21 
100 0 |a Port, Robert D  |e author  |9 401728 
700 0 |a Herro, Harvey M  |e author  |9 401729 
245 1 0 |a Guía Nalco para el análisis de fallas en calderas 
300 |a 294 p 
942 |c BK 
945 |d 19980123 00:00:00  |a jquezada 
260 |a Ciudad de México  |b McGraw Hill  |c 1997 
650 7 |a CALDERAS  |2 CL-VaPUC  |9 260947 
650 0 |a Ingeniería de vapor  |9 260644 
650 7 |a CONDENSADORES  |2 CL-VaPUC  |9 401730 
650 7 |a EVAPORADORES  |2 CL-VaPUC  |9 264108 
650 0 |a Termotecnia  |9 260646 
650 7 |a CORROSION  |2 CL-VaPUC  |9 271912 
650 0 |a Erosión  |9 262782 
650 0 |a Soldadura  |9 262933 
650 7 |a DESALEACION  |2 CL-VaPUC  |9 401731 
583 |a last modification  |c 19980123 00:00:00  |k Rodrigo Vera 
999 |c 266140  |d 266138